Statistics for Wrestler's Real Names

Click here to take the quiz!

General Stats

  • This quiz has been taken 976 times
  • The average score is 6 of 10

Answer Stats

Hint Answer % Correct
The RockDwayne Johnson
84%
Daniel BryanBryan Danielson
80%
Triple HPaul Levesque
73%
KaneGlenn Jacobs
64%
CM PunkPhil Brooks
62%
"Stone Cold" Steve AustinSteve Williams
60%
UndertakerMark Calaway
52%
LitaAmy Dumas
48%
Shawn MichaelsMichael Hickenbottom
40%
AJ LeeApril Mendez
35%

Score Distribution

Percentile by Number Answered

Percent of People with Each Score

Your Score History

You have not taken this quiz